Diccionario de la política /
Guardado en:
| Autor Principal: | |
|---|---|
| Otros Autores: | |
| Formato: | Libro |
| Idioma: | Spanish |
| Publicado: |
Madrid :
Novelas y cuentos,
1972
|
| Edición: | 2a. ed. |
| Materias: | |
| Etiquetas: |
Agregar Etiqueta
Sin Etiquetas, Sea el primero en etiquetar este registro!
|
| LEADER | 00507nam a22001575a 4500 | ||
|---|---|---|---|
| 001 | DER.der002230 | ||
| 008 | 180615s1972####ag#||||||||||||||#||spa|| | ||
| 005 | 20251230144147.0 | ||
| 245 | 1 | 0 | |a Diccionario de la política / |c Jean-Noel Aquistapace ; traducido por Antonio Alférez. |
| 250 | |a 2a. ed. | ||
| 260 | |a Madrid : |b Novelas y cuentos, |c 1972 | ||
| 300 | |a 343 p. | ||
| 100 | 1 | |a Aquistapace, Jean-Noel | |
| 700 | 1 | |a Alferez, Antonio, |e trad. | |
| 650 | 7 | |a CIENCIA POLITICA | |
| 859 | |a DERECHO |b BIB. DERECHO |h 321.01 |i AQU |p 004362 | ||
